[Event "10th WCh-University"]
[Site "Novokuznetsk RUS"]
[Date "2008.03.09"]
[Round "8"]
[White "Liang Chong"]
[Black "Van Eijk,S"]
[Result "1-0"]
[WhiteElo "2488"]
[BlackElo "2283"]

1.d4 Nf6 2.Bg5 e6 3.e4 c5 4.d5 Qb6 5.Nc3 Be7 6.Nf3 Qxb2 7.Bd2 Qb6 8.Rb1 Qd8
9.d6 Bf8 10.Nb5 Na6 11.e5 Ne4 12.Bd3 Nxd2 13.Qxd2 g6 14.h4 h5 15.Nc3 b6 16.Qe2 Nb4
17.Rxb4 cxb4 18.Nb5 Bg7 19.Nc7+ Kf8 20.Nxa8 Bb7 21.Nc7 Bxf3 22.gxf3  1-0

[Event "XXIII Open"]
[Site "Reykjavik ISL"]
[Date "2008.03.09"]
[Round "7"]
[White "Popovic,Milo2"]
[Black "Jankovic,A"]
[Result "1/2-1/2"]
[WhiteElo "2405"]
[BlackElo "2541"]

1.d4 Nf6 2.Bg5 e6 3.e4 h6 4.Bxf6 Qxf6 5.Nc3 d6 6.Nf3 Nd7 7.Bd3 a6 8.O-O Qd8
9.e5 c5 10.exd6 cxd4 11.Ne4 Nf6 12.Nxd4 Nxe4 13.Bxe4 Bxd6 14.g3 O-O 15.c3 Qc7
16.Qe2 Bd7 17.Rfd1 Bc5 18.Bg2 e5 19.Nc2 Rae8 20.Ne3 Qc8 21.a4 Kh8 22.Qd3 Be6
23.Qe4 Bb3 24.Rd2 b6 25.Qb7 Bxe3 26.Qxc8 Bxf2+ 27.Rxf2 Rxc8 28.Bb7 Rc5 29.Bxa6 e4
30.Ra3 Bd1 31.Rd2 Bh5 32.c4 f5 33.b4 Re5 34.Re3 g5 35.Bb7 Bg6 36.Rd6 f4 37.Re1 Bh7
38.Rxb6 e3 39.Kg2 Be4+ 40.Bxe4 Rxe4 41.gxf4 gxf4 42.Kf3 Rxc4 43.Rg1 Kh7 44.Rb7+ Kh8
45.Rgg7 Re8 46.Rh7+ Kg8  1/2-1/2

[Event "65th ch-GEO w P/O Blitz"]
[Site "Tbilisi GEO"]
[Date "2008.03.13"]
[Round "2"]
[White "Dzagnidze,N"]
[Black "Melia,S"]
[Result "1-0"]
[WhiteElo "2429"]
[BlackElo "2362"]

1.d4 Nf6 2.Bg5 e6 3.Nf3 h6 4.Bh4 c5 5.e3 Be7 6.Nbd2 b6 7.c3 Bb7 8.Bd3 g5
9.Bg3 g4 10.Ne5 h5 11.f3 d6 12.Nec4 h4 13.Bf2 h3 14.gxh3 gxf3 15.Nxf3 Rxh3
16.Ncd2 Ng4 17.Rg1 Nxf2 18.Kxf2 Bf8 19.Ne4 Nd7 20.Rg3 Rh8 21.Qa4 Qc7 22.Nf6+ Kd8
23.Ne4 a6 24.Rag1 Qc6 25.Qc2 Kc7 26.Neg5 Bh6 27.Qe2 Raf8 28.Be4 d5 29.Bb1 Qd6
30.Ke1 f6 31.Nh3 e5 32.Kd1 Kb8 33.Nh4 Bg5 34.Ng6 Bh4 35.Rg4 Bg5 36.Nxg5 fxg5
37.Nxf8 Qxf8 38.Rxg5 cxd4 39.exd4 e4 40.Qg4 Ka7 41.Rg8 Rxg8 42.Qxg8 Qf3+
43.Ke1 Qe3+ 44.Kd1 Qf3+ 45.Ke1 Qe3+ 46.Kd1 Nf6 47.Qg3 Qh6 48.h4 Nh5 49.Qg5 Qh8
50.Bc2 Nf6 51.Kc1 Nd7 52.h5 Bc6 53.h6 Kb7 54.Qg7 Qe8 55.h7 e3 56.h8=Q Qe6
57.Qhh6 Qe8 58.Qd6 e2 59.Qge7  1-0

[Event "TCh-HUN 2007-8"]
[Site "Budapest HUN"]
[Date "2008.03.16"]
[Round "8"]
[White "Mate,L"]
[Black "Stohl,I"]
[Result "0-1"]
[WhiteElo "2371"]
[BlackElo "2545"]

1.d4 Nf6 2.Bg5 e6 3.Nd2 h6 4.Bh4 c5 5.e3 cxd4 6.exd4 Be7 7.Ngf3 b6 8.Bd3 Bb7
9.O-O O-O 10.Re1 d6 11.Bxf6 Bxf6 12.Be4 Bxe4 13.Nxe4 Be7 14.c3 Nd7 15.Ng3 Nf6
16.a4 Qc7 17.Qe2 Rfe8 18.c4 d5 19.b3 Rac8 20.Rec1 Qb7 21.Ne5 Red8 22.Qe3 Bd6
23.f4 Ne4 24.Nxe4 dxe4 25.Ng4 h5 26.Nf2 f5 27.Nh3 Be7 28.Rd1 Bf6 29.Ra2 Rd6
30.Rad2 Rcd8 31.Ng5 Qc7 32.g3 R8d7 33.Kg2 Qd8 34.h4 Bxd4 35.Qe2 g6 36.Kh3 Qe7
37.b4 Bf6 38.Rxd6 Rxd6 39.Rc1 Rc6 40.c5 bxc5 41.Qb5 Rb6 42.Qxc5 Qxc5 43.Rxc5 Bxg5
44.hxg5 Rxb4 45.Rc8+ Kf7 46.Rc7+ Kf8 47.Rxa7 e3 48.Kg2 h4 49.Kf3 Re4 50.Ke2 hxg3
51.Rb7 g2 52.Rb1 Rxf4  0-1

[Event "ch-SRB"]
[Site "Mataruska Banja SRB"]
[Date "2008.03.17"]
[Round "3"]
[White "Miladinovic,I"]
[Black "Perunovic,Mil"]
[Result "1/2-1/2"]
[WhiteElo "2604"]
[BlackElo "2570"]

1.d4 Nf6 2.Bg5 e6 3.e3 c5 4.c3 cxd4 5.exd4 b6 6.Nd2 Bb7 7.Ngf3 Be7 8.Bd3 O-O
9.Bxf6 Bxf6 10.h4 g6 11.Qe2 Bg7 12.h5 d6 13.hxg6 hxg6 14.O-O-O Nd7 15.Ne4 Qe7
16.Qe3 e5 17.dxe5 Nxe5 18.Nxe5 Qxe5 19.f4 Qe6 20.Qh3 Qxh3 21.Rxh3 Rad8 22.f5 Rfe8
23.Ng5 gxf5 24.Bxf5 Re5 25.g4 Bf6 26.Nf3 Re3 27.Ng1 Rxh3 28.Nxh3 Be5 29.Nf2 Kg7
30.Nd3 Bg3 31.Rg1 Be5  1/2-1/2

[Event "Romanian Young Int"]
[Site "Bucharest ROM"]
[Date "2008.03.18"]
[Round "5"]
[White "Badev,K"]
[Black "Georgescu,T"]
[Result "1-0"]
[WhiteElo "2314"]
[BlackElo "2356"]

1.d4 Nf6 2.Bg5 e6 3.e4 h6 4.Bxf6 Qxf6 5.c3 d6 6.Bd3 g6 7.Ne2 Bg7 8.O-O e5
9.f4 exd4 10.cxd4 Bg4 11.Qa4+ Nd7 12.Nbc3 O-O 13.Qb3 Nb6 14.a4 c5 15.dxc5 dxc5
16.a5 c4 17.Bxc4 Nxc4 18.Qxc4 Rac8 19.Qd3 Rfd8 20.Qe3 Bf8 21.e5 Qa6 22.Kh1 Bc5
23.Qe4 Bf5 24.Qa4 Rd2 25.Ng3 Bc2 26.Qa2 Qc6 27.Rf3 Rcd8 28.Re1 Bf2 29.Rf1 Bd4
30.Qa3 Bc5 31.b4 Be7 32.f5 gxf5 33.Nce2 R8d3 34.Nxf5 Bg5 35.Rxd3 Bxd3 36.Nfd4 Bxe2
37.Nxc6 Bxf1 38.h4 Bxg2+ 39.Kg1 Bxh4 40.Qc3 Bg5 41.Ne7+ Kf8 42.Nf5 Be4 43.Qc8+ Rd8
44.Qc5+ Kg8 45.Nd6 Bg6 46.Qxa7 Rd7 47.a6  1-0

[Event "LIV Abierto Mexicano de Ajedrez"]
[Site "Aguascalientes MEX"]
[Date "2008.03.19"]
[Round "2"]
[White "Morales Mendoza,Lu"]
[Black "Quezada Perez,Y"]
[Result "0-1"]
[WhiteElo "2180"]
[BlackElo "2546"]

1.d4 Nf6 2.Bg5 e6 3.e4 h6 4.Bxf6 Qxf6 5.Nc3 Bb4 6.a3 Bxc3+ 7.bxc3 d6 8.Bd3 e5
9.Ne2 Nc6 10.Qd2 Bd7 11.d5 Ne7 12.Rb1 b6 13.f4 exf4 14.Nxf4 Qh4+ 15.g3 Qg5
16.Bb5 Bxb5 17.Rxb5 h5 18.Nd3 Qxd2+ 19.Kxd2 h4 20.Rbb1 Ng6 21.Rbe1 O-O-O
22.Rhf1 hxg3 23.hxg3 Rdf8 24.Rh1 Re8 25.Rxh8 Rxh8 26.Ke3 Rh3 27.Kf3 Rh2 28.Re2 Rh1
29.Ne1 Ne5+ 30.Kg2 Rh8 31.Nd3 Nc4 32.Rf2 f6 33.Kf3 Nxa3 34.Kg4 Nc4 35.Kf5 Re8
36.Kg6 Re7 37.Rh2 a5 38.Rh8+ Kb7 39.Nf4 Rxe4 40.Kxg7 Re3 41.g4 Ne5 42.Kxf6 Rf3  0-1

[Event "Doeberl Cup"]
[Site "Canberra AUS"]
[Date "2008.03.22"]
[Round "5"]
[White "Dotsenko,Vi"]
[Black "Samar,R"]
[Result "0-1"]
[WhiteElo "2132"]
[BlackElo "2254"]

1.d4 Nf6 2.Bg5 e6 3.Bxf6 Qxf6 4.e4 c5 5.c3 cxd4 6.cxd4 Nc6 7.Nf3 Bb4+ 8.Nc3 O-O
9.Qd3 d5 10.e5 Qh6 11.Be2 f6 12.a3 Bxc3+ 13.Qxc3 fxe5 14.dxe5 Qf4 15.O-O Bd7  0-1

[Event "9th North American Inv"]
[Site "Chicago USA"]
[Date "2008.03.22"]
[Round "1"]
[White "Young,A PHI"]
[Black "Shankar,G"]
[Result "1/2-1/2"]
[WhiteElo "2360"]
[BlackElo "2219"]

1.d4 Nf6 2.Bg5 e6 3.Nd2 h6 4.Bh4 d5 5.e3 Nbd7 6.Bd3 e5 7.c3 Be7 8.f3 O-O
9.Bf2 c5 10.Ne2 b6 11.O-O Bb7 12.Ng3 Re8 13.Re1 Bf8 14.a4 a6 15.Qb1 Qc7 16.Kh1 Rac8
17.Bf5 exd4 18.exd4 Rxe1+ 19.Qxe1 g6 20.Bc2 Re8 21.Qb1 Kg7 22.a5 Qf4 23.Ngf1 Qc7
24.axb6 Qxb6 25.Ng3 c4 26.b3 cxb3 27.Nxb3 Qc7 28.Nc5 Nxc5 29.dxc5 Kh7 30.Qb6 Qxb6
31.cxb6 Rc8 32.Ne2  1/2-1/2

[Event "39th Open"]
[Site "Mar del Plata ARG"]
[Date "2008.03.22"]
[Round "9"]
[White "Oddone,C"]
[Black "Santucho,S"]
[Result "1-0"]
[WhiteElo "2145"]
[BlackElo "1961"]

1.d4 Nf6 2.Bg5 e6 3.Nf3 d5 4.e3 Nbd7 5.Bd3 Bb4+ 6.c3 Be7 7.Nbd2 c5 8.O-O O-O
9.Ne5 h6 10.Bxf6 Bxf6 11.f4 cxd4 12.exd4 Bxe5 13.fxe5 f5 14.exf6 Nxf6 15.Qe2 Qd6
16.Nf3 Bd7 17.Rae1 Ng4 18.Bc2 Rxf3 19.gxf3 Nf6 20.Qe5 Qb6 21.Rf2 Rf8 22.Kh1 Kh8
23.Bb1 Qd8 24.Rg2 Ne8 25.Rg6 Qh4 26.Reg1 Rf6 27.R6g3 Qf4 28.Qh5 Nd6 29.Rxg7  1-0

[Event "SCT Ladies Open"]
[Site "Stockholm SWE"]
[Date "2008.03.22"]
[Round "4"]
[White "Juergens,V"]
[Black "Makka,I"]
[Result "1-0"]
[WhiteElo "2310"]
[BlackElo "2186"]

1.d4 Nf6 2.Bg5 e6 3.Nd2 h6 4.Bh4 c5 5.e3 cxd4 6.exd4 Be7 7.c3 d6 8.Bd3 Nbd7
9.Bg3 b6 10.Qe2 Bb7 11.f3 Nh5 12.Nh3 Nxg3 13.hxg3 Qc7 14.Nf2 Bc6 15.O-O O-O
16.Rfe1 Rfe8 17.Bc2 Bf8 18.Qd3 g6 19.f4 Bg7 20.Re2 b5 21.Rae1 Nf8 22.g4 e5
23.d5 Bd7 24.f5 g5 25.Nfe4 f6 26.Nf1 Re7 27.Nfg3 Be8 28.Kh2 a6 29.Bb3 Nd7
30.Rc2 Kh7 31.c4 Nc5 32.Nxc5 Qxc5 33.Ne4 Qb6 34.c5 dxc5 35.Rxc5 Rc7 36.Rxc7 Qxc7
37.d6 Qd8 38.Qd5 Bd7 39.Rc1 a5 40.Qf7 a4 41.Bd5 Rc8 42.Rc7 Rxc7 43.dxc7 Qc8  1-0

[Event "ch-SRB"]
[Site "Mataruska Banja SRB"]
[Date "2008.03.23"]
[Round "8"]
[White "Miladinovic,I"]
[Black "Markus,Rob"]
[Result "1/2-1/2"]
[WhiteElo "2604"]
[BlackElo "2575"]

1.d4 Nf6 2.Bg5 e6 3.e3 b6 4.Nd2 Bb7 5.f4 Be7 6.Bxf6 Bxf6 7.Ngf3 d6 8.Bb5+ Nd7
9.Qe2 Qe7 10.O-O-O O-O-O 11.g4 g5 12.Ba6 d5 13.fxg5 Bxg5 14.h4 Bh6 15.g5 Bg7
16.e4 dxe4 17.Bxb7+ Kxb7 18.Qxe4+ Kb8 19.Nc4 Qb4 20.Qe2 h6 21.gxh6 Bxh6+
22.Kb1 Bg7 23.Qf1 Qb5 24.b3 Qh5 25.a4 a5 26.Rd3 Bf6 27.Qe2 Rhg8 28.Rf1 Rg3
29.Qf2 Rgg8 30.Rfd1 Qf5 31.Qh2 Kb7 32.Qh1 Kb8 33.Rf1 Qh5 34.Qh2 Kb7 35.Rc3 Rc8
36.Nfe5 Bxe5 37.dxe5 Kb8 38.Kb2 Rh8 39.Rd3 Nc5 40.Rd4 Rcd8 41.Rff4 Rd5 42.Qf2 Rhd8
43.Rxd5 exd5 44.Rf5 Qg4 45.Rg5 Qe6 46.Nd2 Ne4 47.Nxe4 dxe4 48.Qe3 f6 49.exf6 Qxf6+
50.Qc3 Qf4 51.Qg3 Rf8 52.h5 e3 53.Qxf4  1/2-1/2

[Event "1st Int di Pasqua"]
[Site "Bologna ITA"]
[Date "2008.03.24"]
[Round "8"]
[White "Vancini,E"]
[Black "Laketic,G"]
[Result "0-1"]
[WhiteElo "2277"]
[BlackElo "2443"]

1.d4 Nf6 2.Bg5 e6 3.e4 c5 4.e5 h6 5.Bc1 Nh7 6.c3 Nc6 7.Be3 cxd4 8.cxd4 d6
9.exd6 Nf6 10.Nc3 Bxd6 11.Bc4 O-O 12.Nf3 b6 13.O-O Bb7 14.h3 Rc8 15.Qe2 Nb4
16.Ne5 Nfd5 17.Rad1 Qh4 18.Nxd5 Nxd5 19.Bb3 Qe4 20.Qf3 Qxf3 21.Nxf3 Ba6 22.Rfe1 Bc4
23.Bxc4 Rxc4 24.Nd2 Rc2 25.a3 Rfc8 26.Ne4 Bf4 27.Bxf4 Nxf4 28.Nd6 R8c6 29.Nb5 Rxb2
30.Nxa7 Rc7  0-1

[Event "Spring Festival"]
[Site "Budapest HUN"]
[Date "2008.03.24"]
[Round "4"]
[White "Duong The Anh"]
[Black "Lengyel,B"]
[Result "1/2-1/2"]
[WhiteElo "2381"]
[BlackElo "2261"]

1.d4 Nf6 2.Bg5 e6 3.e4 h6 4.Bxf6 Qxf6 5.c3 d6 6.Bd3 Nc6 7.Ne2 g6 8.O-O Bg7
9.f4 Qe7 10.f5 e5 11.d5 Nd8 12.Nd2 h5 13.Kh1 Bd7 14.Qe1 g5 15.f6 Bxf6 16.Ng3 g4
17.Nf5 Bxf5 18.Rxf5 Bg5 19.Bb5+ Kf8 20.Qf2 Kg8 21.Rf1 Rh7 22.Ba4 a6 23.Bd1 b6
24.Nc4 Nb7 25.b4 Rf8 26.Ne3 Nd8 27.Qe2 Kh8 28.R5f2 Qd7 29.Nf5 b5 30.Bc2 Rg8
31.c4 h4 32.cxb5 axb5 33.Bd3 c6 34.h3 g3 35.Rf3 Qc7 36.Rd1 c5 37.bxc5 Qxc5
38.Bxb5 Nb7 39.Ba6 f6 40.Rb1 Nd8 41.Rfb3 Qf2 42.Nxd6 Rc7 43.R3b2 Qxe2 44.Rxe2 Nf7
45.Nf5 Ra8 46.Bb5 Rac8 47.d6 Rc1+ 48.Re1 R1c2 49.d7 Ra8 50.a4 Kh7 51.Red1 Nd8
52.Rd6 Ra7 53.Rbd1 Rb2 54.Rc6 Bd2 55.Rc8 Ba5 56.Nxh4 Rb3 57.Nf5 Kg6 58.Ne7+ Kg5
59.Nc6 Rxd7 60.Rf1 Nxc6 61.Bxc6 Rd8 62.Rxd8 Bxd8 63.Ra1 Bb6 64.Bd5 Rc3 65.Be6 Re3
66.Bf5 Bd4 67.Rf1 Ra3 68.Bd7 Bf2  1/2-1/2

[Event "Spring Open"]
[Site "Belgrade SCG"]
[Date "2008.03.28"]
[Round "4"]
[White "Masovic,B"]
[Black "Micic,N"]
[Result "1-0"]
[WhiteElo "1852"]
[BlackElo "2247"]

1.d4 Nf6 2.Bg5 e6 3.Nf3 c6 4.Nbd2 d5 5.e3 Be7 6.Bd3 Nbd7 7.O-O O-O 8.c4 c5
9.Re1 Re8 10.Qc2 cxd4 11.exd4 dxc4 12.Nxc4 g6 13.Rac1 b6 14.a3 Bb7 15.Ncd2 Rc8
16.Qa4 Rxc1 17.Rxc1 Qb8 18.Bb5 Rd8 19.Bxd7 Qd6 20.Bb5 a6 21.Bf1 b5 22.Qa5 Bxf3
23.Nxf3 Nd5 24.Bxe7 Qxe7 25.Qxa6 Qe8 26.Bxb5 Qe7 27.Rc8 Nc7 28.Rxd8+ Qxd8
29.Qb6 Qe7 30.Qc6 Kg7 31.Qd7 Nd5 32.Qxe7 Nxe7 33.a4 Nd5 34.a5 Nc7 35.Bc4 Kf8
36.b4 Ke7 37.b5 Kd6 38.Ng5 f6 39.Nxh7 f5 40.f4 Na8  1-0

[Event "K41 Scandinavian Open"]
[Site "Valby DEN"]
[Date "2008.04.02"]
[Round "7"]
[White "Thorfinnsson,Bj"]
[Black "Mikkelsen,N"]
[Result "0-1"]
[WhiteElo "2364"]
[BlackElo "2390"]

1.d4 Nf6 2.Bg5 e6 3.e4 h6 4.Bxf6 Qxf6 5.Nc3 Bb4 6.Nf3 Bxc3+ 7.bxc3 d6 8.c4 e5
9.c3 Bg4 10.Rb1 Bxf3 11.Qxf3 Qxf3 12.gxf3 b6 13.c5 O-O 14.Bc4 Nd7 15.Bd5 Rac8
16.Bb7 Rb8 17.c6 Nf6 18.a4 Nh7 19.dxe5 dxe5 20.Ke2 Rfd8 21.Rb5 f6 22.a5 Nf8
23.axb6 axb6 24.Rxb6 Ne6 25.Rbb1 Nf4+ 26.Ke1 h5 27.Rd1 Kf8 28.c4 Rxd1+ 29.Kxd1 Ke7
30.Kc2 Ne6 31.Kc3 Nd4 32.Rd1 Rd8 33.Ra1 Nxf3 34.Ra7 Ng5 35.f3 Nxf3 36.Ba6 Kd6
37.Bb5 Ng5 38.Kb4 Nxe4 39.Ra3 Nc5 40.Rg3 Rg8 41.Rg2 e4 42.Kc3 Ke5 43.Rd2 Nd3
44.Ra2 g5 45.Ra7 Kd6 46.Kd4 Nc5 47.Ba6 g4 48.Bb7 g3  0-1

[Event "TCh-RUS Major League"]
[Site "Dagomys RUS"]
[Date "2008.04.03"]
[Round "1"]
[White "Smirnov,Arte"]
[Black "Iordachescu,V"]
[Result "1/2-1/2"]
[WhiteElo "2438"]
[BlackElo "2584"]

1.d4 Nf6 2.Bg5 e6 3.e4 c5 4.e5 h6 5.Bc1 Nh7 6.dxc5 Nc6 7.Nf3 Ng5 8.Nxg5 hxg5
9.Be3 b6 10.cxb6 axb6 11.Nc3 Bb4 12.Qg4 Ra4 13.Bd2 Ra5 14.O-O-O Rxe5 15.Bd3 Kf8
16.g3 Be7 17.f4 Ra5 18.fxg5 Ne5 19.Qe2 Bxg5 20.h4 Bf6 21.Kb1 Nxd3 22.Qxd3 Ba6
23.Qe3 Re5 24.Qf4 Rf5 25.Qa4 Bb7 26.Rhf1 Bc6 27.Qg4 Rxf1 28.Rxf1 Kg8 29.Bg5 Bxg5
30.hxg5 Rh1 31.Rxh1 Bxh1 32.g6 fxg6 33.Qxg6 Qf8 34.a3 Bc6  1/2-1/2

[Event "V Magistral da Hebraica"]
[Site "Sao Paulo BRA"]
[Date "2008.04.06"]
[Round "1"]
[White "Stamenkovic,Dr"]
[Black "Leitao,R"]
[Result "1/2-1/2"]
[WhiteElo "2440"]
[BlackElo "2604"]

1.d4 Nf6 2.Bg5 e6 3.Nf3 c5 4.e3 h6 5.Bh4 cxd4 6.exd4 b6 7.Bd3 Bb7 8.Nbd2 Be7
9.O-O O-O 10.c3 Nc6 11.Re1 Nh5 12.Bxe7 Nxe7 13.Be4 Qc7 14.Ne5 Nf6 15.Bxb7 Qxb7
16.Qf3 Qxf3 17.Ndxf3 Rfc8 18.a4 d6 19.Nd3 Nc6 20.Nd2 Na5 21.Nb4 Kf8 22.Re2 Nc6
23.Nd3 a6 24.Ne4 Nxe4 25.Rxe4 b5 26.axb5 axb5 27.Ree1 b4 28.Kf1 Rxa1 29.Rxa1 bxc3
30.bxc3 Ne7 31.Rc1 Ra8  1/2-1/2

[Event "FSGM April"]
[Site "Budapest HUN"]
[Date "2008.04.07"]
[Round "3"]
[White "Bui Vinh"]
[Black "Brunello,S"]
[Result "1-0"]
[WhiteElo "2448"]
[BlackElo "2475"]

1.d4 Nf6 2.Bg5 e6 3.e4 h6 4.Bxf6 Qxf6 5.Nc3 b6 6.g3 Nc6 7.e5 Qe7 8.Bg2 Bb7
9.Nge2 O-O-O 10.O-O Kb8 11.Ne4 f5 12.exf6 gxf6 13.Nf4 d5 14.Nc3 Qf7 15.Re1 Nxd4
16.Qxd4 e5 17.Qa4 exf4 18.Qxf4 h5 19.h4 Rg8 20.Rad1 Rg4 21.Qf5 Bc5 22.Kh1 Bc8
23.Rxd5 Rxd5 24.Qxd5 Qxd5 25.Nxd5 Bxf2 26.Re8  1-0

[Event "TCh-RUS Major League"]
[Site "Dagomys RUS"]
[Date "2008.04.10"]
[Round "8"]
[White "Nikolaev,Niki"]
[Black "Vorobiov,E"]
[Result "1/2-1/2"]
[WhiteElo "2424"]
[BlackElo "2536"]

1.d4 Nf6 2.Bg5 e6 3.c3 h6 4.Bh4 b6 5.e3 Bb7 6.Nf3 d6 7.Nbd2 Nbd7 8.Qc2 Be7
9.h3 c5 10.Bd3 Rc8 11.O-O  1/2-1/2

[Event "82nd ch-ARG s/f"]
[Site "Buenos Aires ARG"]
[Date "2008.04.13"]
[Round "4"]
[White "Real de Azua,E"]
[Black "Aguilar,A"]
[Result "1/2-1/2"]
[WhiteElo "2417"]
[BlackElo "2242"]

1.d4 Nf6 2.Bg5 e6 3.e3 c5 4.c3 h6 5.Bh4 b6 6.Nd2 Bb7 7.Ngf3 Be7 8.Bxf6 Bxf6
9.Bd3 O-O 10.Qe2 d6 11.h4 cxd4 12.exd4 e5 13.dxe5 Bxe5 14.Nxe5 dxe5 15.O-O-O Nd7
16.Ne4 Qc7 17.Rh3 Bxe4 18.Bxe4 Rad8 19.Bc2 Nc5 20.Rxd8 Rxd8 21.Re3 Re8 22.Qg4 Qd6
23.Rg3 Qf6 24.b4 Ne6 25.Rf3 Qe7 26.Qf5 g6 27.Qxe5 Qxh4 28.Kb2 Qg5 29.Qxg5 Nxg5
30.Re3 Rxe3 31.fxe3 Kf8 32.c4 Ke7 33.Kc3 Kd6 34.Bd3 Ne6 35.Be4 Nc7 36.Kd4 Ne6+
37.Kc3 Nc7 38.Kd4 Ne6+ 39.Kc3  1/2-1/2

[Event "82nd ch-ARG s/f"]
[Site "Buenos Aires ARG"]
[Date "2008.04.14"]
[Round "5"]
[White "Sola,R"]
[Black "Liascovich,L"]
[Result "0-1"]
[WhiteElo "2321"]
[BlackElo "2419"]

1.d4 Nf6 2.Bg5 e6 3.c3 c5 4.e3 b6 5.Nf3 Bb7 6.Nbd2 Be7 7.Bd3 Nc6 8.a3 O-O
9.O-O cxd4 10.cxd4 Nd5 11.Bxe7 Qxe7 12.Rc1 Rac8 13.Qe2 Rcd8 14.Rc2 f5 15.Rfc1 Rf6
16.Ba6 Ba8 17.Ne5 Nxe5 18.dxe5 Rff8 19.Nf3 d6 20.exd6 Qxd6 21.Bb5 Ne7 22.Rc7 a5
23.Ra7 Nd5 24.Qd3 Qb8 25.Rd7 Nf6 26.Rxd8 Rxd8 27.Qc2 Ng4 28.h3 Bxf3 29.hxg4 Bxg4
30.Bc4 Qe5 31.Qc3 Qd6 32.Qb3 Re8 33.Bb5 Re7 34.Rc8+ Kf7 35.f3 Bh5 36.Qa4 g6
37.Qc2 Qe5 38.Qe2 g5 39.a4 f4 40.e4 Kg7 41.Qd2 Rc7 42.Rd8 Qc5+ 43.Kh2 Bf7
44.Rb8 Qe7 45.Qd4+ e5 46.Qd8 Qxd8 47.Rxd8 Rc2 48.Rd6 Rxb2 49.Rxb6 g4 50.fxg4 f3
51.Rc6 Rxg2+ 52.Kh3 Rg1 53.Rc2 Be6 54.Kh2 Rxg4 55.Bc6 h5 56.Rb2 Rf4 57.Kg1 Bh3
58.Kh2 Bg2  0-1

[Event "V Magistral da Hebraica"]
[Site "Sao Paulo BRA"]
[Date "2008.04.14"]
[Round "9"]
[White "Perdomo,L"]
[Black "Stamenkovic,Dr"]
[Result "1/2-1/2"]
[WhiteElo "2361"]
[BlackElo "2440"]

1.d4 Nf6 2.Bg5 e6 3.Nf3 c5 4.c3 Be7 5.Nbd2 d5 6.e3 Nbd7 7.Bd3 O-O 8.O-O b6
9.Qe2 Bb7 10.Rad1 Ne4 11.Bxe7  1/2-1/2

[Event "IX EICC"]
[Site "Plovdiv BUL"]
[Date "2008.04.22"]
[Round "2"]
[White "Miladinovic,I"]
[Black "Petkov,V"]
[Result "1-0"]
[WhiteElo "2579"]
[BlackElo "2415"]

1.d4 Nf6 2.Bg5 e6 3.e3 h6 4.Bh4 c5 5.c3 Qb6 6.Qc2 Nc6 7.Nd2 d5 8.Ngf3 Bd7
9.Rc1 Rc8 10.Qb1 cxd4 11.exd4 Nh5 12.Bd3 Bd6 13.O-O g5 14.Bg3 Nxg3 15.fxg3 g4
16.Nh4 Ne7 17.Kh1 f5 18.b4 O-O 19.Nb3 Rf6 20.Qb2 Rcf8 21.Qe2 Qd8 22.Nc5 b6
23.Nb7 Qb8 24.Nxd6 Qxd6 25.a3 Kg7 26.Rf4 R8f7 27.Qe5 Qc6 28.b5 Qb7 29.h3 h5
30.Kh2 Rf8 31.hxg4 hxg4 32.Rxg4+ fxg4 33.Qg5+ Kf7 34.Qh5+ Ng6 35.Nxg6 Kg7
36.Kg1 Qc7 37.Ne5 Rf5 38.Qg6+  1-0

[Event "IX EICC"]
[Site "Plovdiv BUL"]
[Date "2008.04.24"]
[Round "4"]
[White "Papaioannou,I"]
[Black "Guseinov,G"]
[Result "1/2-1/2"]
[WhiteElo "2566"]
[BlackElo "2625"]

1.d4 Nf6 2.Bg5 e6 3.e3 c5 4.Nf3 b6 5.d5 h6 6.Bxf6 Qxf6 7.Nc3 a6 8.Nd2 b5
9.a4 b4 10.Nce4 Qg6 11.dxe6 Qxe6 12.Ng3 Bb7 13.e4 h5 14.Bc4 d5 15.Ba2 h4
16.Nf5 Qe5 17.Ne3 h3 18.g3 b3 19.cxb3 d4 20.Nec4 Qc7 21.b4 Nc6 22.Na5 Nxb4
23.Nxb7 Nxa2 24.Rxa2 Qxb7 25.O-O Be7 26.Qg4 O-O 27.b3 Qc8 28.Qxc8 Rfxc8 29.Rc2 Rab8
30.Rfc1 Rb7 31.Kf1 Rcb8 32.Rb1 Rd7 33.Rcc1 g5 34.Ke2 g4 35.Kd3 Rdb7 36.Rc4 Bg5
37.Rxc5 Bxd2 38.Kxd2 Rxb3 39.Rxb3 Rxb3 40.Rg5+ Kf8 41.Rxg4 Rb2+ 42.Ke1 Rb1+
43.Ke2 Rb2+  1/2-1/2

[Event "IX EICC"]
[Site "Plovdiv BUL"]
[Date "2008.04.25"]
[Round "5"]
[White "Cao Sang"]
[Black "Lomsadze,D"]
[Result "0-1"]
[WhiteElo "2535"]
[BlackElo "2394"]

1.d4 Nf6 2.Bg5 e6 3.Nf3 h6 4.Bxf6 Qxf6 5.Nc3 b6 6.e4 Bb7 7.Bd3 Bb4 8.O-O Bxc3
9.bxc3 O-O 10.a4 a5 11.c4 d6 12.Rb1 Nd7 13.c3 e5 14.Re1 Rad8 15.Qc2 Kh8 16.Re3 Rfe8
17.h3 Ba8 18.Rbe1 Nf8 19.Nh2 Ne6 20.Ng4 Qh4 21.d5 Nc5 22.Rg3 h5 23.Ne3 g6
24.Qd2 Kh7 25.Bc2 Bb7 26.Rf3 Rf8 27.g4 hxg4 28.hxg4 Kg7 29.Kf1 Bc8 30.Rg3 Rh8
31.Qd1 Qf6 32.Ke2 Qf4 33.Reg1 Nxe4 34.Bxe4 Qxe4 35.Kd2 Rh2 36.Qe2 Rdh8 37.Nd1 Qxe2+
38.Kxe2 Bd7 39.Nb2 Rh1 40.g5 Rxg1 41.Rxg1 Rh4 42.Ke3 Rh3+ 43.Kd2 Rh4 44.Ke3 Rg4
45.Rxg4 Bxg4 46.c5 bxc5 47.f4 exf4+ 48.Kxf4 Bd7 49.Nc4 Bxa4 50.Nxa5 Bb5 51.Ke4 f6
52.Kf4 Kf7 53.Nb7 Ke7 54.Na5 f5 55.Ke3 c4 56.Kd4 Kd7 57.Nb7 Kc8 58.Na5 Kb8
59.Nc6+ Bxc6 60.dxc6 Ka7  0-1

[Event "26th Metz Open"]
[Site "Metz St Symphorien FRA"]
[Date "2008.04.27"]
[Round "9"]
[White "Sulava,N"]
[Black "Lalic,B"]
[Result "1/2-1/2"]
[WhiteElo "2479"]
[BlackElo "2514"]

1.d4 Nf6 2.Bg5 e6 3.e4 h6 4.Bxf6 Qxf6 5.c3 d5 6.Nd2 c5 7.Ngf3 cxd4 8.cxd4 dxe4
9.Ne5 Qd8 10.Bb5+ Bd7 11.Qb3 Be7 12.O-O O-O 13.Nxe4 Nc6 14.Rfd1 Na5 15.Qd3 Bxb5
16.Qxb5 a6 17.Qe2 Rc8 18.Rd3 Nc6 19.Rad1 Nxd4 20.Rxd4 Qb6 21.Nd6 Rc5 22.f4 Bxd6  1/2-1/2

[Event "IX EICC"]
[Site "Plovdiv BUL"]
[Date "2008.04.27"]
[Round "7"]
[White "Pankov,Ger"]
[Black "Nanu,C"]
[Result "0-1"]
[WhiteElo "2349"]
[BlackElo "2515"]

1.d4 Nf6 2.Bg5 e6 3.Nf3 h6 4.Bh4 c5 5.e3 b6 6.Nbd2 Bb7 7.c3 Be7 8.Bg3 Nh5
9.Bd3 Nc6 10.Qe2 Rc8 11.a3 d5 12.Be5 Nf6 13.h3 O-O 14.O-O Nd7 15.Bh2 Re8
16.Ne5 Ndxe5 17.dxe5 Bf8 18.f4 Rc7 19.Nf3 d4 20.exd4 cxd4 21.Rfd1 Rd7 22.c4 Ne7
23.Bg3 Qa8 24.Kh2 Red8 25.Rd2 Nf5 26.Bxf5 exf5 27.Rad1 Bxf3 28.gxf3 Qc6 29.Bf2 d3
30.Qf1 Qxc4 31.Be3 Bc5 32.Qg1 Rc8 33.Bxc5 Qxf4+ 34.Qg3 Qxg3+ 35.Kxg3 Rxc5
36.Rxd3 Rxd3 37.Rxd3 Rxe5 38.Rd8+ Kh7 39.Rd7 a5 40.Rxf7 Rb5 41.Kf4 Kg6 42.Rc7 Rxb2
43.Rc6+ Kh5 44.Kxf5 Rb3 45.Kf4 Kh4 46.Rg6 Rxa3 47.Rxb6 Rc3 48.Ra6 Rc5 49.Ra7 g5+
50.Ke3 Kxh3 51.Rh7 Rc6 52.Kf2 Rf6 53.Ra7 g4 54.Rxa5 Rxf3+ 55.Kg1 Kh4 56.Kg2 Rb3
57.Ra2 Rb5 58.Rc2 h5 59.Ra2 Kg5 60.Rc2 h4 61.Ra2 h3+ 62.Kh2 Kh4 63.Ra4 Rb2+
64.Kg1 Re2 65.Rb4 Kg3 66.Rb3+ Kf4 67.Rb4+ Kf3  0-1

[Event "IX EICC"]
[Site "Plovdiv BUL"]
[Date "2008.04.29"]
[Round "8"]
[White "Kounalakis,E"]
[Black "Tahirov,F"]
[Result "1/2-1/2"]
[WhiteElo "2099"]
[BlackElo "2533"]

1.d4 Nf6 2.Bg5 e6 3.Nf3 c5 4.c3 cxd4 5.Bxf6 Qxf6 6.cxd4 a6 7.e3 d5 8.Be2 Bd6
9.Nc3 b5 10.O-O Bb7 11.Qb3 Nd7 12.Rfc1 Qe7 13.Na4 O-O 14.Rc2 Rab8 15.Nc3 f5
16.Rac1 g5 17.Nd2 Rf6 18.g3 g4 19.f4 gxf3 20.Bxf3 Rh6 21.Nf1 Kh8 22.Ne2 Nb6
23.Nf4 Nc4 24.Qd3 Qg7 25.b3 Nb6 26.Rg2 Qf7 27.Rcc2 Nd7 28.Qd1 a5 29.Qd2 Bb4
30.Qd1 Qe7 31.g4 fxg4 32.Rxg4 Bd6 33.Rcg2 Rf8 34.Qe1 Nf6 35.Rh4 Rxh4 36.Qxh4 Bxf4
37.Qxf4 Nd7 38.Qg3 e5 39.Bg4 Rg8 40.Qf2 Nf6 41.Bf5 Rxg2+ 42.Qxg2 b4 43.Qg3 e4
44.Qb8+ Ne8 45.Ng3 Kg7  1/2-1/2

[Event "IX EICC"]
[Site "Plovdiv BUL"]
[Date "2008.05.01"]
[Round "10"]
[White "Perunovic,Mio"]
[Black "Kulaots,K"]
[Result "0-1"]
[WhiteElo "2420"]
[BlackElo "2530"]

1.d4 Nf6 2.Bg5 e6 3.e4 h6 4.Bxf6 Qxf6 5.Nf3 d6 6.Nc3 Nd7 7.Qd2 g6 8.Nb5 Qd8
9.Qc3 c6 10.d5 cxb5 11.dxe6 Rg8 12.exd7+ Bxd7 13.O-O-O Qb6 14.e5 Qc5 15.exd6 Bxd6
16.Qe1+ Be7 17.Ne5 Be6 18.Kb1 a6 19.Bd3 O-O-O 20.Qe2 Bf6 21.f4 Rge8 22.Rde1 Kb8
23.Rhf1 Qd5 24.c4 Qd4 25.Rd1 Bxe5 26.fxe5 Bg4  0-1

[Event "IX EICC"]
[Site "Plovdiv BUL"]
[Date "2008.05.01"]
[Round "10"]
[White "Kounalakis,E"]
[Black "Milovic,J"]
[Result "0-1"]
[WhiteElo "2099"]
[BlackElo "2280"]

1.d4 Nf6 2.Bg5 e6 3.e4 c5 4.d5 h6 5.Bxf6 Qxf6 6.Nc3 a6 7.Nf3 d6 8.a4 e5 9.Nd2 Be7
10.Nc4 Nd7 11.a5 Qg6 12.Qd3 Rb8 13.Na4 O-O 14.Nab6 Nxb6 15.Nxb6 f5 16.Nxc8 Rbxc8
17.exf5 Rxf5 18.g4 Qxg4 19.Bh3 Qb4+ 20.Ke2 e4 21.Qd1 Rcf8 22.Bxf5 Rxf5 23.Rf1 Qc4+
24.Ke1 e3 25.Qe2 exf2+ 26.Rxf2 Re5  0-1

[Event "3rd Cup"]
[Site "Berazategui ARG"]
[Date "2008.05.02"]
[Round "2"]
[White "Barrionuevo,P"]
[Black "Lo Presti,R"]
[Result "1-0"]
[WhiteElo "2401"]
[BlackElo "2120"]

1.d4 Nf6 2.Bg5 e6 3.e4 h6 4.Bxf6 Qxf6 5.c3 c5 6.Nf3 b6 7.Nbd2 Bb7 8.Bd3 cxd4
9.cxd4 Nc6 10.e5 Qd8 11.a3 d6 12.Be4 Be7 13.Rc1 Qd7 14.O-O g5 15.exd6 Bxd6
16.Nc4 Bc7 17.Nce5 Bxe5 18.Bxc6 Bxh2+ 19.Kxh2  1-0